Estadísticas para Top 10 Estados de EE. UU. más Ricos

Haz click aquí para tomar la prueba!

Estadísticas generales

  • Esta prueba ha sido tomada 1.938 veces
    (1.627 desde el último reinicio)
  • La puntuación promedio es 5 de 10

Estadísticas de respuestas

Ingreso en $Estado% Correcto
67,739California
96%
67,106Washington
76%
76,440Alaska
54%
74,511Hawái
53%
76,126Nueva Jersey
51%
68,114Virginia
48%
75,297Massachusetts
46%
73,433Connecticut
43%
78,945Maryland
43%
70,936Nuevo Hampshire
32%

Distribución de puntuación

Porcentaje por número respondido

Porcentaje de gente con cada puntuación

Historial de tus puntuaciones

No has tomado esta prueba desde el último reinicio